Love Island Australia 2 - Statistics

General Stats
  • This quiz has been taken 58 times
  • The average score is 16 of 24
Answer Stats
Answers % Correct
Adam
97%
Cartier
94%
Josh
94%
Anna
89%
Jessie
86%
Luke
83%
Matthew
81%
Cassie
75%
Vanessa
75%
Cynthia
64%
Eoghan
61%
Gerard
61%
Isabelle
61%
Maurice
61%
Phoebe
61%
Aaron
56%
Angel
56%
Jordan
56%
Sam
53%
Margarita
50%
Blake
47%
Todd
47%
Biannca
36%
Tea
33%
No matching quizzes found
Score Distribution
Percent of People with Each Score
Percentile by Number Answered
Your Score History
You have not taken this quiz